| 000 | 00856nam a2200313 a 4500 | ||
|---|---|---|---|
| 001 | 3340828 | ||
| 003 | OSt | ||
| 005 | 20140310183114.0 | ||
| 008 | 850724s1985 ph b 000 0 eng | ||
| 020 | _a9710857770 | ||
| 050 | 0 | 0 |
_aHD 82 _b.F175 1994 |
| 082 | 0 | 0 |
_aFIL 338.9 _bF17 1994 |
| 100 | 1 | _aFajardo, Feliciano R. | |
| 245 | 1 | 0 |
_aEconomic development / _cFajardo, Feliciano R. |
| 260 |
_aMetro Manila, Philippines : _bNational Book Store, _c1994 |
||
| 300 |
_axiii, 426 p. ; _c22 cm. |
||
| 504 | _aBibliography: p. 417-420. | ||
| 521 | _abasic ed. students | ||
| 541 | _j1 | ||
| 541 | _j2 | ||
| 541 | _j3 | ||
| 541 | _j4 | ||
| 541 | _j5 | ||
| 562 | _e5 | ||
| 650 | 0 | _aEconomic development. | |
| 650 | 0 | _aEconomic policy. | |
| 906 |
_a7 _bcbc _corignew _d4 _encip _f19 _gy-gencatlg |
||
| 942 |
_2lcc _cBK _kFIL |
||
| 999 |
_c18878 _d18878 |
||